000 00710cam a2200289 4500
001 J57
008 090401t1988 xxu||||| |||| 00| 0 eng d
035 _a(Sirsi) u37898
041 _aeng
050 _a333.33
110 _aEdward Erdman
_92048
245 _aProperty now - No. 5 (Summer 1988)
260 _aLondon
_bEdward Erdman
_c1988
300 _a40p. : ill, ; 30cm.
350 _a0
650 _aAuctioneering
_96218
650 _aFRANCHISING
650 _aHOUSEHOLD INTERNATIONAL (UK) LTD
650 _aHOUSING LAND
650 _aISLEWORTH
650 _aOFFICE NETWORK
650 _aRELOCATION
650 _aSHELL AND CORE
650 _aSHOPPING
942 _n0
948 _c04/03/1997
999 _c90571
_d90571